=LDR 00000nam 2200000 4500 =001 INLIS000000000028312 =005 20130612130627 =008 ***********************************Ind** =035 ##$$0010-061300000028312 =041 ##$$a Ind =082 ##$$a 370.19 =090 ##$$a 370.19, Suk a =100 ##$$a SUKANTO, Surjono =245 ##$$a Anak dan pola perikelakuannya, Prof. Dr. Soerjono Soekanto, SH., M.A =260 ##$$a 1989 $b Yogyakarta =300 ##$$a xi, 137 hlm., 21 cm =650 ##$$a Anak - tingkahlaku anak =850 ##$$a NBPNMAT